<?xml version="1.0" encoding="UTF-8"?>
<collection xmlns="http://www.loc.gov/MARC21/slim">
 <record>
  <leader>05681cam a2200949 c 4500</leader>
  <controlfield tag="001">248990020</controlfield>
  <controlfield tag="003">DE-627</controlfield>
  <controlfield tag="005">20260206203501.0</controlfield>
  <controlfield tag="007">tu</controlfield>
  <controlfield tag="008">980919s2000    gw |||||      00| ||ger c</controlfield>
  <datafield tag="015" ind1=" " ind2=" ">
   <subfield code="a">98,N40,0725</subfield>
   <subfield code="2">dnb</subfield>
  </datafield>
  <datafield tag="016" ind1="7" ind2=" ">
   <subfield code="a">953309908</subfield>
   <subfield code="2">DE-101</subfield>
  </datafield>
  <datafield tag="020" ind1=" " ind2=" ">
   <subfield code="a">3761613911</subfield>
   <subfield code="q"> : ca. DM 98.00, ca. sfr 89.00, ca. S 715.00 (Gb.)</subfield>
   <subfield code="9">3-7616-1391-1</subfield>
  </datafield>
  <datafield tag="035" ind1=" " ind2=" ">
   <subfield code="a">(DE-627)248990020</subfield>
  </datafield>
  <datafield tag="035" ind1=" " ind2=" ">
   <subfield code="a">(DE-603)059887052</subfield>
  </datafield>
  <datafield tag="035" ind1=" " ind2=" ">
   <subfield code="a">(DE-576)084339632</subfield>
  </datafield>
  <datafield tag="035" ind1=" " ind2=" ">
   <subfield code="a">(DE-599)GBV248990020</subfield>
  </datafield>
  <datafield tag="035" ind1=" " ind2=" ">
   <subfield code="a">(OCoLC)610963088</subfield>
  </datafield>
  <datafield tag="035" ind1=" " ind2=" ">
   <subfield code="a">(OCoLC)610963088</subfield>
  </datafield>
  <datafield tag="035" ind1=" " ind2=" ">
   <subfield code="a">(OCoLC)53462387</subfield>
  </datafield>
  <datafield tag="040" ind1=" " ind2=" ">
   <subfield code="a">DE-627</subfield>
   <subfield code="b">ger</subfield>
   <subfield code="c">DE-627</subfield>
   <subfield code="e">rakwb</subfield>
  </datafield>
  <datafield tag="041" ind1=" " ind2=" ">
   <subfield code="a">ger</subfield>
  </datafield>
  <datafield tag="044" ind1=" " ind2=" ">
   <subfield code="c">XA-DE</subfield>
   <subfield code="c">XA-DE-NW</subfield>
  </datafield>
  <datafield tag="050" ind1=" " ind2="0">
   <subfield code="a">NA1086.C6</subfield>
  </datafield>
  <datafield tag="084" ind1=" " ind2=" ">
   <subfield code="a">45</subfield>
   <subfield code="2">sdnb</subfield>
  </datafield>
  <datafield tag="084" ind1=" " ind2=" ">
   <subfield code="a">45</subfield>
   <subfield code="a">63</subfield>
   <subfield code="a">46</subfield>
   <subfield code="2">sdnb</subfield>
  </datafield>
  <datafield tag="084" ind1=" " ind2=" ">
   <subfield code="a">9,10</subfield>
   <subfield code="2">ssgn</subfield>
  </datafield>
  <datafield tag="084" ind1=" " ind2=" ">
   <subfield code="a">ZH 6050</subfield>
   <subfield code="2">rvk</subfield>
   <subfield code="0">(DE-625)rvk/156190:</subfield>
  </datafield>
  <datafield tag="084" ind1=" " ind2=" ">
   <subfield code="a">LK 42473</subfield>
   <subfield code="2">rvk</subfield>
   <subfield code="0">(DE-625)rvk/97871:13303</subfield>
  </datafield>
  <datafield tag="084" ind1=" " ind2=" ">
   <subfield code="a">LK 42482</subfield>
   <subfield code="q">OBV</subfield>
   <subfield code="2">rvk</subfield>
   <subfield code="0">(DE-625)rvk/97871:13313</subfield>
  </datafield>
  <datafield tag="084" ind1=" " ind2=" ">
   <subfield code="a">LK 42485</subfield>
   <subfield code="q">OBV</subfield>
   <subfield code="2">rvk</subfield>
   <subfield code="0">(DE-625)rvk/97871:13316</subfield>
  </datafield>
  <datafield tag="084" ind1=" " ind2=" ">
   <subfield code="a">LK 42478</subfield>
   <subfield code="2">rvk</subfield>
   <subfield code="0">(DE-625)rvk/97871:13309</subfield>
  </datafield>
  <datafield tag="084" ind1=" " ind2=" ">
   <subfield code="a">21.71</subfield>
   <subfield code="2">bkl</subfield>
  </datafield>
  <datafield tag="245" ind1="0" ind2="0">
   <subfield code="a">Köln: das gotische Rathaus und seine historische Umgebung</subfield>
   <subfield code="c">Walter Geis; Ulrich Krings (Hrsg.). Mit Beiträgen von Christoph Bellot ...</subfield>
  </datafield>
  <datafield tag="250" ind1=" " ind2=" ">
   <subfield code="a">1. Aufl.</subfield>
  </datafield>
  <datafield tag="264" ind1=" " ind2="1">
   <subfield code="a">Köln</subfield>
   <subfield code="b">Bachem</subfield>
   <subfield code="c">2000</subfield>
  </datafield>
  <datafield tag="300" ind1=" " ind2=" ">
   <subfield code="a">664 S.</subfield>
   <subfield code="b">Ill., graph. Darst., Kt.</subfield>
   <subfield code="c">28 cm</subfield>
  </datafield>
  <datafield tag="336" ind1=" " ind2=" ">
   <subfield code="a">Text</subfield>
   <subfield code="b">txt</subfield>
   <subfield code="2">rdacontent</subfield>
  </datafield>
  <datafield tag="337" ind1=" " ind2=" ">
   <subfield code="a">ohne Hilfsmittel zu benutzen</subfield>
   <subfield code="b">n</subfield>
   <subfield code="2">rdamedia</subfield>
  </datafield>
  <datafield tag="338" ind1=" " ind2=" ">
   <subfield code="a">Band</subfield>
   <subfield code="b">nc</subfield>
   <subfield code="2">rdacarrier</subfield>
  </datafield>
  <datafield tag="490" ind1="1" ind2=" ">
   <subfield code="a">Stadtspuren - Denkmäler in Köln</subfield>
   <subfield code="v">26</subfield>
  </datafield>
  <datafield tag="500" ind1=" " ind2=" ">
   <subfield code="a">Literaturangaben</subfield>
  </datafield>
  <datafield tag="583" ind1="1" ind2=" ">
   <subfield code="a">Archivierung/Langzeitarchivierung gewährleistet</subfield>
   <subfield code="f">SSG</subfield>
   <subfield code="x">XA-DE-BW</subfield>
   <subfield code="2">pdager</subfield>
   <subfield code="5">DE-16</subfield>
  </datafield>
  <datafield tag="583" ind1="1" ind2=" ">
   <subfield code="a">Archivierung prüfen</subfield>
   <subfield code="c">20240324</subfield>
   <subfield code="f">DE-4165</subfield>
   <subfield code="z">3</subfield>
   <subfield code="2">pdager</subfield>
  </datafield>
  <datafield tag="610" ind1="2" ind2="4">
   <subfield code="a">Kölner Rathaus (Cologne, Germany)</subfield>
  </datafield>
  <datafield tag="648" ind1=" " ind2="7">
   <subfield code="a">Geschichte</subfield>
   <subfield code="2">gnd</subfield>
  </datafield>
  <datafield tag="650" ind1="0" ind2="7">
   <subfield code="0">(DE-588)4176999-5</subfield>
   <subfield code="0">(DE-627)105351946</subfield>
   <subfield code="0">(DE-576)20997446X</subfield>
   <subfield code="a">Rathaus</subfield>
   <subfield code="2">gnd</subfield>
  </datafield>
  <datafield tag="650" ind1=" " ind2="4">
   <subfield code="a">Architecture, Gothic</subfield>
   <subfield code="x">Germany</subfield>
   <subfield code="x">Cologne</subfield>
  </datafield>
  <datafield tag="650" ind1=" " ind2="4">
   <subfield code="a">City halls</subfield>
   <subfield code="x">Germany</subfield>
   <subfield code="x">Cologne</subfield>
  </datafield>
  <datafield tag="651" ind1=" " ind2="7">
   <subfield code="0">(DE-588)4031483-2</subfield>
   <subfield code="0">(DE-627)106265458</subfield>
   <subfield code="0">(DE-576)208992669</subfield>
   <subfield code="a">Köln</subfield>
   <subfield code="2">gnd</subfield>
  </datafield>
  <datafield tag="651" ind1=" " ind2="7">
   <subfield code="0">(DE-588)4361353-6</subfield>
   <subfield code="0">(DE-627)181320398</subfield>
   <subfield code="0">(DE-576)211634301</subfield>
   <subfield code="a">Rathaus Köln</subfield>
   <subfield code="g">Köln</subfield>
   <subfield code="2">gnd</subfield>
  </datafield>
  <datafield tag="651" ind1=" " ind2="4">
   <subfield code="a">Cologne (Germany)</subfield>
   <subfield code="x">Buildings, structures, etc</subfield>
  </datafield>
  <datafield tag="655" ind1=" " ind2="7">
   <subfield code="a">Aufsatzsammlung</subfield>
   <subfield code="0">(DE-588)4143413-4</subfield>
   <subfield code="0">(DE-627)105605727</subfield>
   <subfield code="0">(DE-576)209726091</subfield>
   <subfield code="2">gnd-content</subfield>
  </datafield>
  <datafield tag="689" ind1="0" ind2="0">
   <subfield code="d">g</subfield>
   <subfield code="0">(DE-588)4361353-6</subfield>
   <subfield code="0">(DE-627)181320398</subfield>
   <subfield code="0">(DE-576)211634301</subfield>
   <subfield code="a">Rathaus Köln</subfield>
   <subfield code="g">Köln</subfield>
   <subfield code="2">gnd</subfield>
  </datafield>
  <datafield tag="689" ind1="0" ind2=" ">
   <subfield code="5">(DE-627)</subfield>
  </datafield>
  <datafield tag="700" ind1="1" ind2=" ">
   <subfield code="a">Geis, Walter</subfield>
   <subfield code="d">1955-</subfield>
   <subfield code="e">Hrsg.</subfield>
   <subfield code="0">(DE-588)174113528</subfield>
   <subfield code="0">(DE-627)699006929</subfield>
   <subfield code="0">(DE-576)134946448</subfield>
   <subfield code="4">edt</subfield>
  </datafield>
  <datafield tag="700" ind1="1" ind2=" ">
   <subfield code="a">Krings, Ulrich</subfield>
   <subfield code="d">1942-</subfield>
   <subfield code="e">Hrsg.</subfield>
   <subfield code="0">(DE-588)123191823</subfield>
   <subfield code="0">(DE-627)082402361</subfield>
   <subfield code="0">(DE-576)161833101</subfield>
   <subfield code="4">edt</subfield>
  </datafield>
  <datafield tag="700" ind1="1" ind2=" ">
   <subfield code="a">Bellot, Christoph</subfield>
   <subfield code="0">(DE-588)1057426202</subfield>
   <subfield code="0">(DE-627)795928033</subfield>
   <subfield code="0">(DE-576)167944916</subfield>
   <subfield code="4">oth</subfield>
  </datafield>
  <datafield tag="710" ind1="2" ind2=" ">
   <subfield code="a">Köln</subfield>
   <subfield code="b">Stadtkonservatorin</subfield>
   <subfield code="0">(DE-588)2079723-0</subfield>
   <subfield code="0">(DE-627)103988734</subfield>
   <subfield code="0">(DE-576)19223532X</subfield>
   <subfield code="4">oth</subfield>
  </datafield>
  <datafield tag="787" ind1="0" ind2="8">
   <subfield code="i">Rezensiert in</subfield>
   <subfield code="a">Unbehaun, Lutz, 1955 - </subfield>
   <subfield code="t">[Rezension von: Walter Geis / Ulrich Krings (Hrsg.), Köln. Das gotische Rathaus und seine historische Umgebung]</subfield>
   <subfield code="d">2001</subfield>
   <subfield code="w">(DE-627)1921159316</subfield>
  </datafield>
  <datafield tag="787" ind1="0" ind2="8">
   <subfield code="i">Rezensiert in</subfield>
   <subfield code="a">Horn, Sabine, 19XX - </subfield>
   <subfield code="t">[Rezension von: Geis, Walter, Krings, Ulrich, Köln: Das gotische Rathaus und seine historische Umgebung (Stadtspuren. Denkmäler in Köln, Band 26)]</subfield>
   <subfield code="d">2001</subfield>
   <subfield code="w">(DE-627)892067322</subfield>
  </datafield>
  <datafield tag="830" ind1=" " ind2="0">
   <subfield code="a">Stadtspuren - Denkmäler in Köln</subfield>
   <subfield code="v">26</subfield>
   <subfield code="9">26</subfield>
   <subfield code="w">(DE-627)12919333X</subfield>
   <subfield code="w">(DE-576)012341592</subfield>
   <subfield code="w">(DE-600)53513-8</subfield>
   <subfield code="7">am</subfield>
  </datafield>
  <datafield tag="856" ind1="4" ind2="2">
   <subfield code="u">http://www.gbv.de/dms/bs/toc/248990020.pdf</subfield>
   <subfield code="m">V:DE-601</subfield>
   <subfield code="m">B:DE-84</subfield>
   <subfield code="q">pdf/application</subfield>
   <subfield code="x">Verlag</subfield>
   <subfield code="y">Inhaltsverzeichnis</subfield>
   <subfield code="3">Inhaltsverzeichnis</subfield>
   <subfield code="7">1</subfield>
  </datafield>
  <datafield tag="856" ind1="4" ind2="2">
   <subfield code="u">https://swbplus.bsz-bw.de/bsz084339632rez.htm</subfield>
   <subfield code="m">V:DE-576</subfield>
   <subfield code="v">2005-09-22</subfield>
   <subfield code="3">Rezension</subfield>
   <subfield code="7">1</subfield>
  </datafield>
  <datafield tag="856" ind1="4" ind2="2">
   <subfield code="u">http://www.sehepunkte.de/2001/02/3462.html</subfield>
   <subfield code="m">V:DE-576;X:Sehepunkte</subfield>
   <subfield code="q">text/html</subfield>
   <subfield code="v">20180423160308</subfield>
   <subfield code="3">Rezension</subfield>
   <subfield code="7">1</subfield>
  </datafield>
  <datafield tag="856" ind1="4" ind2="2">
   <subfield code="u">http://scans.hebis.de/HEBCGI/show.pl?05988705_rez.pdf</subfield>
   <subfield code="m">V:DE-576</subfield>
   <subfield code="q">application/pdf</subfield>
   <subfield code="3">Rezension</subfield>
   <subfield code="7">1</subfield>
  </datafield>
  <datafield tag="856" ind1="4" ind2="2">
   <subfield code="u">http://scans.hebis.de/HEBCGI/show.pl?05988705_toc.pdf</subfield>
   <subfield code="m">V:DE-605;X:Imageware</subfield>
   <subfield code="q">application/pdf</subfield>
   <subfield code="3">Inhaltsverzeichnis</subfield>
   <subfield code="7">1</subfield>
  </datafield>
  <datafield tag="935" ind1=" " ind2=" ">
   <subfield code="a">BGTS</subfield>
  </datafield>
  <datafield tag="935" ind1=" " ind2=" ">
   <subfield code="i">Blocktest</subfield>
  </datafield>
  <datafield tag="936" ind1="r" ind2="v">
   <subfield code="a">ZH 6050</subfield>
   <subfield code="b">Verwaltungsgebäude</subfield>
   <subfield code="k">Technik</subfield>
   <subfield code="k">Architektur</subfield>
   <subfield code="k">Öffentliche Gebäude</subfield>
   <subfield code="k">Verwaltungsgebäude</subfield>
   <subfield code="0">(DE-627)1270644246</subfield>
   <subfield code="0">(DE-625)rvk/156190:</subfield>
   <subfield code="0">(DE-576)200644246</subfield>
  </datafield>
  <datafield tag="936" ind1="r" ind2="v">
   <subfield code="a">LK 42473</subfield>
   <subfield code="b">Ortsgeschichte</subfield>
   <subfield code="k">Kunstgeschichte</subfield>
   <subfield code="k">Kunst nach Ländern bzw. Kontinenten</subfield>
   <subfield code="k">Deutschland</subfield>
   <subfield code="k">Kunsttopografie Deutschlands</subfield>
   <subfield code="k">Orte Deutschlands</subfield>
   <subfield code="k">Orte K</subfield>
   <subfield code="k">Köln</subfield>
   <subfield code="k">Ortsgeschichte</subfield>
   <subfield code="0">(DE-627)1274800528</subfield>
   <subfield code="0">(DE-625)rvk/97871:13303</subfield>
   <subfield code="0">(DE-576)204800528</subfield>
  </datafield>
  <datafield tag="936" ind1="r" ind2="v">
   <subfield code="a">LK 42482</subfield>
   <subfield code="b">Kirchen, Kathedralen</subfield>
   <subfield code="k">Kunstgeschichte</subfield>
   <subfield code="k">Kunst nach Ländern bzw. Kontinenten</subfield>
   <subfield code="k">Deutschland</subfield>
   <subfield code="k">Kunsttopografie Deutschlands</subfield>
   <subfield code="k">Orte Deutschlands</subfield>
   <subfield code="k">Orte K</subfield>
   <subfield code="k">Köln</subfield>
   <subfield code="k">Kirchen, Kathedralen</subfield>
   <subfield code="0">(DE-627)1270914898</subfield>
   <subfield code="0">(DE-625)rvk/97871:13313</subfield>
   <subfield code="0">(DE-576)200914898</subfield>
  </datafield>
  <datafield tag="936" ind1="r" ind2="v">
   <subfield code="a">LK 42485</subfield>
   <subfield code="b">Rathäuser</subfield>
   <subfield code="k">Kunstgeschichte</subfield>
   <subfield code="k">Kunst nach Ländern bzw. Kontinenten</subfield>
   <subfield code="k">Deutschland</subfield>
   <subfield code="k">Kunsttopografie Deutschlands</subfield>
   <subfield code="k">Orte Deutschlands</subfield>
   <subfield code="k">Orte K</subfield>
   <subfield code="k">Köln</subfield>
   <subfield code="k">Rathäuser</subfield>
   <subfield code="0">(DE-627)1272032094</subfield>
   <subfield code="0">(DE-625)rvk/97871:13316</subfield>
   <subfield code="0">(DE-576)202032094</subfield>
  </datafield>
  <datafield tag="936" ind1="r" ind2="v">
   <subfield code="a">LK 42478</subfield>
   <subfield code="b">Architektur (einschließlich Grabbauten, Friedhöfe)</subfield>
   <subfield code="k">Kunstgeschichte</subfield>
   <subfield code="k">Kunst nach Ländern bzw. Kontinenten</subfield>
   <subfield code="k">Deutschland</subfield>
   <subfield code="k">Kunsttopografie Deutschlands</subfield>
   <subfield code="k">Orte Deutschlands</subfield>
   <subfield code="k">Orte K</subfield>
   <subfield code="k">Köln</subfield>
   <subfield code="k">Kunstgeschichte</subfield>
   <subfield code="k">Architektur (einschließlich Grabbauten, Friedhöfe)</subfield>
   <subfield code="0">(DE-627)1270703641</subfield>
   <subfield code="0">(DE-625)rvk/97871:13309</subfield>
   <subfield code="0">(DE-576)200703641</subfield>
  </datafield>
  <datafield tag="936" ind1="b" ind2="k">
   <subfield code="a">21.71</subfield>
   <subfield code="j">Geschichte öffentlicher Bauten</subfield>
   <subfield code="0">(DE-627)106421263</subfield>
  </datafield>
  <datafield tag="936" ind1="s" ind2="n">
   <subfield code="a">l300</subfield>
   <subfield code="2">mzub</subfield>
  </datafield>
  <datafield tag="936" ind1="s" ind2="n">
   <subfield code="a">z210</subfield>
   <subfield code="2">mzub</subfield>
  </datafield>
  <datafield tag="936" ind1="s" ind2="n">
   <subfield code="a">n100</subfield>
   <subfield code="2">mzub</subfield>
  </datafield>
  <datafield tag="951" ind1=" " ind2=" ">
   <subfield code="a">BO</subfield>
  </datafield>
  <datafield tag="990" ind1=" " ind2=" ">
   <subfield code="a">Rathaus Köln</subfield>
  </datafield>
  <datafield tag="991" ind1=" " ind2=" ">
   <subfield code="a">Rezensiertes Werk</subfield>
  </datafield>
  <datafield tag="999" ind1=" " ind2=" ">
   <subfield code="a">KXP-PPN248990020</subfield>
   <subfield code="e">4941791576</subfield>
  </datafield>
 </record>
</collection>
